|
|
|
|
| LEADER |
02070nam a2200445 i 4500 |
| 001 |
EBC3115801 |
| 003 |
MiAaPQ |
| 005 |
20200520144314.0 |
| 006 |
m o d | |
| 007 |
cr cnu|||||||| |
| 008 |
131031s2006 be a ob 001 0 eng d |
| 020 |
|
|
|z 9789054872474
|
| 035 |
|
|
|a (MiAaPQ)EBC3115801
|
| 035 |
|
|
|a (Au-PeEL)EBL3115801
|
| 035 |
|
|
|a (CaPaEBR)ebr10781860
|
| 035 |
|
|
|a (OCoLC)922966404
|
| 040 |
|
|
|a MiAaPQ
|b eng
|e rda
|e pn
|c MiAaPQ
|d MiAaPQ
|
| 043 |
|
|
|a e------
|
| 050 |
|
4 |
|a HC240.9.E5
|b .E856 2006
|
| 082 |
0 |
|
|a 338.94/07
|2 22
|
| 245 |
0 |
4 |
|a The European Union and sustainable development :
|b internal and external dimensions /
|c Marc Pallemaerts & Albena Azmanova (editors).
|
| 264 |
|
1 |
|a Brussel, Belgium :
|b VUBPress,
|c 2006.
|
| 264 |
|
4 |
|c 2006
|
| 300 |
|
|
|a 1 online resource (341 pages) :
|b illustrations.
|
| 336 |
|
|
|a text
|2 rdacontent
|
| 337 |
|
|
|a computer
|2 rdamedia
|
| 338 |
|
|
|a online resource
|2 rdacarrier
|
| 490 |
1 |
|
|a Institute for European Studies - publication series ;
|v Number 7
|
| 504 |
|
|
|a Includes bibliographical references at the end of each chapters and index.
|
| 588 |
|
|
|a Description based on a print version record.
|
| 590 |
|
|
|a Electronic reproduction. Ann Arbor, MI : ProQuest, 2015. Available via World Wide Web. Access may be limited to ProQuest affiliated libraries.
|
| 650 |
|
0 |
|a Sustainable development
|z European Union countries.
|
| 651 |
|
0 |
|a European Union countries
|x Economic policy.
|
| 655 |
|
4 |
|a Electronic books.
|
| 700 |
1 |
|
|a Pallemaerts, Marc.
|
| 700 |
1 |
|
|a Azmanova, Albena.
|
| 776 |
0 |
8 |
|i Print version:
|t European Union and sustainable development : internal and external dimensions.
|d Brussels, Belgium : VUBPress, c2006
|h 341 pages
|k Publication series (Vrije Universiteit Brussel. Institute for European Studies) ; Number 7.
|z 9789054872474
|w 2007475884
|
| 797 |
2 |
|
|a ProQuest (Firm)
|
| 830 |
|
0 |
|a Publication series (Vrije Universiteit Brussel. Institute for European Studies) ;
|v no. 7.
|
| 856 |
4 |
0 |
|u https://ebookcentral.proquest.com/lib/matrademy/detail.action?docID=3115801
|z Click to View
|